000 00553nam a22002057a 4500
003 UA-OsUOA
001 11365
007 ta
008 20050317b un ||||| |||| 00| 0 ukr d
100 _aМельников Николай
942 _cSA
040 _aUA-OsUOA
_brus
_cUA-OsUOA
_dUA-OsUOA
245 _aМалая проза большого писателя
300 _aС.283-288
955 _a0
041 _arus
044 _aRU
773 0 _w0
_tИностранная литература
_dМ.
_d2005
_g№1
650 7 _aИвлин Во
_2UDC
999 _c297526
_d297526